| 000 | 00643nam a22001937a 4500 | ||
|---|---|---|---|
| 003 | 0 | ||
| 005 | 20241015141900.0 | ||
| 008 | 241015b xxu||||| |||| 00| 0 eng d | ||
| 020 | _a9798891612266 | ||
| 050 |
_aHD 9000.5 _b.M58 2024 |
||
| 100 |
_aMitchell, Finlay, _eauthor. |
||
| 245 |
_aIntroduction to agribusiness management and entrepreneurship / _cFinlay Mitchell. |
||
| 260 |
_aJersey City, USA : _bAlexis Press, LLC, _c2024. |
||
| 300 |
_aviii, 360 p. : _bill. ; _c24 cm. |
||
| 504 | _aIncludes bibliographical references and index. | ||
| 650 | _aAgriculture industries. | ||
| 650 |
_aAgriculture _vEconomic aspects. |
||
| 942 |
_2lcc _cBK |
||
| 999 |
_c366553 _d366553 |
||